• 首页
  • 本馆介绍
  • 公告通知
  • 最新文献
  • 馆藏检索
  • 电子资源
  • 读者导购
  • 参考咨询
  • 我的图书馆
  • 登录
  • 详细信息显示
  • 放入我的书架
  • 预约/预借图书
  • 作者相关作品
  • 分类相关作品
  • 丛书相关作品
  • 出版社相关作品

书目信息

  • 表格格式
  • 工作单格式
  • 卡片格式
题名:
煤气化工艺风险管理
    
 
作者: 牟善军 , 张海峰 主编
分册:  
出版信息: 北京   中国石化出版社  2012
页数: 118页
开本: 26cm
丛书名: 化工过程安全评估技术丛书
单 册:
中图分类: TQ546.8
科图分类:
主题词: 煤气化--化工过程--风险管理 , 化工过程 , 风险管理 , 煤气化
电子资源:
ISBN: 978-7-5114-1510-3
000 01294oam2 2200325 45
001 1354552905
005 20130510085035.39
010    @a978-7-5114-1510-3@dCNY25.00
100    @a20130108d2012 em y0chiy50 ea
101 0  @achi
102    @aCN@b110000
105    @aa z 000yy
106    @ar
200 1  @a煤气化工艺风险管理@AMei Qi Hua Gong Yi Feng Xian Guan Li@f张海峰,牟善军主编@FZhang Hai Feng, Mou Shan Jun Zhu Bian
210    @a北京@c中国石化出版社@d2012
215    @a118页@c图@d26cm
225 2  @a化工过程安全评估技术丛书
312    @a封面英文题名:Risk management of coal gasification process
330    @a本书系统介绍了煤气化工艺流程,详细描述了HAZOP、LOPA、安全仪表系统功能安全评估、Bow-tie、事故分析与模拟等风险辨识、评估与控制技术的相关概念和分析过程,并结合实际案例对相关技术在煤气化工艺风险管理中的应用进行了展示,有利于读者理解掌握这些技术的应用要点。  
461  0 @12001 @a化工过程安全评估技术丛书
510 1  @aRisk management of coal gasification process@zeng
606 0  @a煤气化@x化工过程@x风险管理
606 0  @a化工过程
606 0  @a风险管理
606 0  @a煤气化
690    @aTQ546.8@v5
701  0 @a牟善军@AMou Shan Jun@4主编
701  0 @a张海峰@AZhang Hai Feng@4主编
801    @aCN@bTANGWEI@c20130111
905    @b0830851-53@dTQ546.8@e30@f3
    
    煤气化工艺风险管理/张海峰,牟善军主编.-北京:中国石化出版社,2012
    118页:图;26cm.-(化工过程安全评估技术丛书)
    
    
    ISBN 978-7-5114-1510-3:CNY25.00
    本书系统介绍了煤气化工艺流程,详细描述了HAZOP、LOPA、安全仪表系统功能安全评估、Bow-tie、事故分析与模拟等风险辨识、评估与控制技术的相关概念和分析过程,并结合实际案例对相关技术在煤气化工艺风险管理中的应用进行了展示,有利于读者理解掌握这些技术的应用要点。
●
相关链接 在E读中查询图书 在五车中查询图书 在当当中查询图书 在豆瓣中查询图书


正题名:煤气化工艺风险管理     索取号:TQ546.8/30         预约/预借

序号 登录号 条形码 馆藏地/架位号 状态 备注
1 0830851   208308516   第二样本阅览室/ [索取号:TQ546.8/30] 在馆    
2 0830852   208308525   第三借阅区/ [索取号:TQ546.8/30] 在馆    
3 0830853   208308534   第三借阅区/ [索取号:TQ546.8/30] 在馆    
唐山师范学院图书馆 欢迎您!
大连网信软件有限公司© 版权所有